000 00520nam a2200193 a 4500
001 1770285653444
003 YourLibrary
005 20260205153745.0
008 260205s2002##################000#0#eng##
020 _a9780792376637
082 0 4 _a333.332WAM
100 1 _aWang, Ko,
_eauthor.
245 1 0 _aReal Estate Valuation Theory :
260 _bSpringer Science & Business Media,
_c2002.
300 _a464 pages
650 0 _aBusiness & Economics.
942 _cENGLISH
040 _aYourLibrary
_beng
_cYourLibrary
999 _c610527
_d610527